[Event "6th Cattolica Open 2019"]
[Site "Cattolica"]
[Date "2019.06.12"]
[Round "7.7"]
[White "Corvi, Marco"]
[Black "Kharitonov, Alexandr"]
[Result "1/2-1/2"]
[WhiteElo "2253"]
[BlackElo "2547"]
[Annotator "ChessBase"]
[PlyCount "52"]
[EventDate "2019.06.08"]
[EventType "swiss"]
[EventCountry "ITA"]
[SourceTitle "playchess.com"]
[Source "ChessBase"]
[SourceQuality "1"]
[TimeControl "40/5400+30:900+30"]

1. e4 {[%emt 0:00:34]} c6 {[%emt 0:00:00]} 2. d4 {[%emt 0:00:10]} d5 {[%emt 0:00:00]} 3. Nd2 {[%emt 0:00:36]} dxe4 {[%emt 0:00:00]} 4. Nxe4 {[%emt 0:00:05]} Bf5 {[%emt 0:00:00]} 5. Ng3 {[%emt 0:00:36]} Bg6 {[%emt 0:00:04]} 6. h4 {[%emt 0:01:39]} h6 {[%emt 0:00:06]} 7. Nf3 {[%emt 0:00:34]} Nd7 {[%emt 0:00:16]} 8. h5 {[%emt 0:00:24]} Bh7 {[%emt 0:00:05]} 9. Bd3 {[%emt 0:00:12]} Bxd3 {[%emt 0:00:07]} 10. Qxd3 {[%emt 0:00:06]} e6 {[%emt 0:00:14]} 11. Bd2 {[%emt 0:01:44]} Ngf6 {[%emt 0:00:12]} 12. O-O-O {[%emt 0:00:50]} Be7 {[%emt 0:00:14]} 13. Kb1 {[%emt 0:03:30]} O-O {[%emt 0:03:09]} 14. Ne4 {[%emt 0:06:59]} Nxe4 {[%emt 0:00:28]} 15. Qxe4 {[%emt 0:00:03]} Nf6 {[%emt 0:00:06]} 16. Qe2 {[%emt 0:04:37]} Qd5 {[%emt 0:00:27]} 17. Ne5 {[%emt 0:08:25]} Qe4 {[%emt 0:00:38]} 18. Qxe4 {[%emt 0:03:40]} Nxe4 {[%emt 0:00:05]} 19. Be3 {[%emt 0:01:33]} Rfd8 {[%emt 0:01:36]} 20. g4 {[%emt 0:02:50]} Rac8 {[%emt 0:15:36]} 21. f3 {[%emt 0:03:33]} Nf6 {[%emt 0:00:15]} 22. Bc1 {[%emt 0:07:02]} Nd7 {[%emt 0:02:36]} 23. f4 {[%emt 0:03:51]} Nxe5 {[%emt 0:08:48]} 24. dxe5 {[%emt 0:00:06]} b5 {[%emt 0:00:17]} 25. Be3 {[%emt 0:07:29]} a6 {[%emt 0:00:05]} 26. Rxd8+ {[%emt 0:05:27]} Rxd8 {[%emt 0:00:04]} 1/2-1/2

[Event "6th Cattolica Open 2019"]
[Site "Cattolica"]
[Date "2019.06.12"]
[Round "7.8"]
[White "Ankit, R. Rajpara"]
[Black "Mezentsev, Ivan"]
[Result "1-0"]
[WhiteElo "2447"]
[BlackElo "2281"]
[Annotator "NA"]
[PlyCount "160"]
[EventDate "2019.06.08"]
[EventType "swiss"]
[EventCountry "ITA"]
[SourceTitle "playchess.com"]
[Source "ChessBase"]
[SourceQuality "1"]
[TimeControl "40/5400+30:900+30"]

1. d4 {[%emt 0:01:30]} d5 {[%emt 0:00:00]} 2. c4 {[%emt 0:00:10]} e6 {[%emt 0:00:04]} 3. Nf3 {[%emt 0:00:10]} a6 {[%emt 0:00:21]} 4. Bg5 {[%emt 0:00:09]} Be7 {[%emt 0:00:24]} 5. Bxe7 {[%emt 0:00:23]} Qxe7 {[%emt 0:00:15]} 6. Nbd2 {[%emt 0:00:33]} Nf6 {[%emt 0:00:14]} 7. e3 {[%emt 0:00:38]} O-O {[%emt 0:00:13]} 8. Qc2 {[%emt 0:01:31]} c5 {[%emt 0:03:06]} 9. dxc5 {[%emt 0:08:38]} Qxc5 {[%emt 0:00:23]} 10. Bd3 {[%emt 0:01:51]} Nc6 {[%emt 0:00:24]} 11. a3 {[%emt 0:01:20]} dxc4 {[%emt 0:06:01]} 12. Qxc4 {[%emt 0:02:47]} Qxc4 {[%emt 0:00:53]} 13. Nxc4 {[%emt 0:00:15]} b5 {[%emt 0:00:54]} 14. Nb6 {[%emt 0:00:53]} Rb8 {[%emt 0:00:08]} 15. Nxc8 {[%emt 0:00:07]} Rfxc8 {[%emt 0:00:21]} 16. Ke2 {[%emt 0:00:30]} Kf8 {[%emt 0:00:21]} 17. Rhc1 {[%emt 0:01:39]} Ke7 {[%emt 0:04:25]} 18. Rc2 {[%emt 0:23:23]} Na7 {[%emt 0:03:34]} 19. Rxc8 {[%emt 0:03:10]} Nxc8 {[%emt 0:01:06]} 20. Rc1 {[%emt 0:03:05]} Nb6 {[%emt 0:15:39]} 21. Ne5 {[%emt 0:02:42]} Ra8 {[%emt 0:09:51]} 22. Nc6+ {[%emt 0:11:07]} Kd6 {[%emt 0:01:31]} 23. Nb4 {[%emt 0:00:58]} Nfd5 {[%emt 0:09:25]} 24. Rc6+ {[%emt 0:06:11]} Kd7 {[%emt 0:00:58]} 25. Be4 {[%emt 0:03:19]} Nc4 {[%emt 0:09:25]} 26. Nxd5 {[%emt 0:07:32]} exd5 {[%emt 0:00:05]} 27. Bxd5 {[%emt 0:00:08]} Ra7 {[%emt 0:00:42]} 28. a4 {[%emt 0:09:50]} Ne5 {[%emt 0:20:32]} 29. Rc2 {[%emt 0:00:50]} Kd6 {[%emt 0:01:04]} 30. Bb3 {[%emt 0:01:08]} Nc6 {[%emt 0:00:33]} 31. axb5 {[%emt 0:02:23]} axb5 {[%emt 0:01:06]} 32. Rc3 {[%emt 0:01:15]} f6 {[%emt 0:00:52]} 33. Bc2 {[%emt 0:01:22]} g6 {[%emt 0:02:09]} 34. Bd3 {[%emt 0:00:22]} b4 {[%emt 0:01:28]} 35. Rc2 {[%emt 0:00:17]} Ra1 {[%emt 0:01:00]} 36. Be4 {[%emt 0:02:10]} Na5 {[%emt 0:00:17]} 37. h4 {[%emt 0:01:53]} b3 {[%emt 0:02:01]} 38. Rd2+ {[%emt 0:00:14]} Kc5 {[%emt 0:00:13]} 39. Bd5 {[%emt 0:00:39]} Rc1 {[%emt 0:02:26]} 40. Bg8 {[%emt 0:00:00]} Nc4 {[%emt 0:00:00]} 41. Bxc4 {[%emt 0:02:01]} Kxc4 {[%emt 0:06:54]} 42. e4 {[%emt 0:00:51]} Rh1 {[%emt 0:00:45]} 43. g3 {[%emt 0:00:15]} Rc1 {[%emt 0:01:06]} 44. f4 {[%emt 0:01:56]} Rg1 {[%emt 0:00:36]} 45. Kf2 {[%emt 0:00:08]} Rh1 {[%emt 0:00:15]} 46. e5 {[%emt 0:00:38]} fxe5 {[%emt 0:01:02]} 47. fxe5 {[%emt 0:00:05]} Ra1 {[%emt 0:02:21]} 48. Kf3 {[%emt 0:06:30]} Rf1+ {[%emt 0:01:31]} 49. Ke3 {[%emt 0:00:22]} Rf7 {[%emt 0:01:41]} 50. Ke4 {[%emt 0:02:20]} Rf1 {[%emt 0:00:22]} 51. Rd4+ {[%emt 0:00:06]} Kc5 {[%emt 0:00:08]} 52. Rd3 {[%emt 0:00:08]} Rf2 {[%emt 0:00:51]} 53. Rxb3 {[%emt 0:00:31]} Re2+ {[%emt 0:00:05]} 54. Kf4 {[%emt 0:00:22]} Kd4 {[%emt 0:00:30]} 55. Rb4+ {[%emt 0:01:18]} Kd5 {[%emt 0:00:06]} 56. Rb7 {[%emt 0:01:09]} Rf2+ {[%emt 0:01:18]} 57. Ke3 {[%emt 0:00:29]} Rc2 {[%emt 0:01:00]} 58. Rxh7 {[%emt 0:01:29]} Kxe5 {[%emt 0:00:07]} 59. Rb7 {[%emt 0:00:12]} Kf5 {[%emt 0:02:14]} 60. Rb6 {[%emt 0:00:52]} Rh2 {[%emt 0:00:49]} 61. Kf3 {[%emt 0:00:30]} g5 {[%emt 0:00:42]} 62. Rb5+ {[%emt 0:00:07]} Kf6 {[%emt 0:00:05]} 63. Rxg5 {[%emt 0:01:16]} Rxb2 {[%emt 0:00:05]} 64. Kg4 {[%emt 0:00:45]} Rb4+ {[%emt 0:00:08]} 65. Kh5 {[%emt 0:00:23]} Kf7 {[%emt 0:00:05]} 66. g4 {[%emt 0:00:38]} Rb6 {[%emt 0:00:08]} 67. Ra5 {[%emt 0:00:18]} Kg7 {[%emt 0:00:05]} 68. Ra7+ {[%emt 0:00:22]} Kh8 {[%emt 0:00:07]} 69. g5 {[%emt 0:00:07]} Rb4 {[%emt 0:00:14]} 70. g6 {[%emt 0:00:18]} Kg8 {[%emt 0:00:08]} 71. Kg5 {[%emt 0:00:08]} Rb5+ {[%emt 0:00:21]} 72. Kh6 {[%emt 0:00:12]} Rb8 {[%emt 0:00:05]} 73. h5 {[%emt 0:00:17]} Rc8 {[%emt 0:00:04]} 74. Ra5 {[%emt 0:00:19]} Kf8 {[%emt 0:00:31]} 75. Kh7 {[%emt 0:00:22]} Rc7+ {[%emt 0:00:38]} 76. Kh8 {[%emt 0:00:10]} Rc8 {[%emt 0:00:06]} 77. Rf5+ {[%emt 0:00:15]} Ke7+ {[%emt 0:00:06]} 78. Kh7 {[%emt 0:00:05]} Ke6 {[%emt 0:00:07]} 79. Rf1 {[%emt 0:00:08]} Rc5 {[%emt 0:00:05]} 80. h6 {[%emt 0:00:10]} Kd5 {[%emt 0:00:33]} 1-0

[Event "6th Cattolica Open 2019"]
[Site "Cattolica"]
[Date "2019.06.12"]
[Round "7.9"]
[White "Eugene, Floryan"]
[Black "Vovk, Yuri"]
[Result "1/2-1/2"]
[WhiteElo "2304"]
[BlackElo "2586"]
[Annotator "TA"]
[PlyCount "96"]
[EventDate "2019.06.08"]
[EventType "swiss"]
[EventCountry "ITA"]
[SourceTitle "playchess.com"]
[Source "ChessBase"]
[SourceQuality "1"]

{[%evp 15,96,0,22,10,40,42,41,19,50,57,61,5,67,50,49,48,44,37,79,0,82,0,0,0,0,0,0,-27,-23,-39,0,0,0,0,0,0,0,0,16,0,0,0,0,0,0,0,0,0,0,0,0,0,0,0,0,0,0,-7,0,-4,-5,-7,0,-14,-21,-19,-30,-13,-14,-24,4,4,4,4,1,1,1,1,4,4,6,-2,0]} 1. e4 c5 2. Nf3 d6 3. Bb5+ Nd7 4. d4 cxd4 5. Qxd4 a6 6. Bxd7+ Bxd7 7. O-O e5 8. Qd3 h6 9. Rd1 {B51: Sicilian: Moscow Variation (3 Bb5+) without 3...Bd7} (9. a4 Nf6 10. a5 Be7 11. c4 b5 12. axb6 Qxb6 13. Nc3 O-O 14. Be3 Qb7 15. h3 Rfc8 16. Nd2 Be6 17. Rfb1 a5 18. b3 Ra6 19. Ra2 Bd7 20. Rba1 {½-½ (20) Wang,H (2730)-Nepomniachtchi,I (2763) St Petersburg 2018}) 9... Nf6 10. c4 Be7 $146 ({Predecessor:} 10... Qc7 11. b3 Bc6 12. Nc3 Be7 13. a4 {0-1 (50) Jorquera Cabello,V (2005)-Eswaran,A (2095) San Salvador 2015}) 11. b3 {White is slightly better.} Bc6 12. Nc3 O-O 13. a4 ({White should try} 13. Ne1 $14) 13... Qc7 (13... Nxe4 $11 14. Nxe4 f5) 14. Ba3 Rfd8 15. Rac1 Nh5 16. Qe3 Nf4 17. Ne2 (17. g3 $16 Nh5 18. Qe2) 17... f5 (17... Nxe2+ $11 18. Qxe2 Rd7) 18. Nxf4 (18. exf5 $16 Nxe2+ 19. Qxe2) 18... exf4 $11 19. Qxf4 fxe4 20. Nd4 {[#] Strongly threatening Ne6.} Bg5 21. Qg3 Bxc1 22. Bxc1 Qf7 23. Bxh6 $1 Rd7 24. Be3 Qh5 {[%cal Rh5d1]} 25. Rd2 Rf8 26. h4 d5 27. c5 Re7 28. Qd6 Qe8 29. Qg3 Kh7 30. Ne2 Qf7 31. Nf4 Qf5 32. Nh3 Kg8 33. Nf4 Rd7 34. Ne2 Rdf7 35. Nd4 Qc8 36. Bg5 Kh7 37. Qd6 Qg4 {And now ...Rxf2! would win.} 38. Qe6 ({Avoid the trap} 38. Nxc6 $2 bxc6 39. Be3 (39. Qxc6 $2 Rxf2 {[%mdl 64] Deflection} 40. Rxf2 Qd1+ {[%mdl 64] Double Attack} 41. Kh2 Rxf2 $19) 39... Rf6 $19) 38... Qh5 {White must now prevent ...Rxf2!} 39. g4 Qg6 {Threatens to win with ...Qxe6.} 40. Qxg6+ Kxg6 41. Kg2 Bd7 42. Kg3 Rf3+ 43. Nxf3 {The position is equal.} Rxf3+ {[%mdl 64] [#] Double Attack. KRB-KRB} 44. Kg2 Rxb3 45. Rxd5 Bxg4 46. Be3 {Hoping for Rg5+.} Be6 47. Rd6 Kf5 48. Rb6 Rxb6 {Accuracy: White = 52%, Black = 53%.} 1/2-1/2

[Event "6th Cattolica Open 2019"]
[Site "Cattolica"]
[Date "2019.06.12"]
[Round "7.10"]
[White "Lumachi, Gabriele"]
[Black "Yankelevich, Lev"]
[Result "0-1"]
[WhiteElo "2286"]
[BlackElo "2484"]
[Annotator "ChessBase"]
[PlyCount "104"]
[EventDate "2019.06.08"]
[EventType "swiss"]
[EventCountry "ITA"]
[SourceTitle "playchess.com"]
[Source "ChessBase"]
[SourceQuality "1"]
[TimeControl "40/5400+30:900+30"]

1. d4 {[%emt 0:00:00]} Nf6 {[%emt 0:00:00]} 2. Bf4 {[%emt 0:00:00]} c5 {[%emt 0:02:19]} 3. e3 {[%emt 0:00:00]} g6 {[%emt 0:02:46]} 4. c3 {[%emt 0:03:34]} cxd4 {[%emt 0:06:57]} 5. exd4 {[%emt 0:00:46]} Bg7 {[%emt 0:00:04]} 6. Nf3 {[%emt 0:02:35]} O-O {[%emt 0:00:00]} 7. Be2 {[%emt 0:01:03]} d6 {[%emt 0:00:04]} 8. O-O {[%emt 0:01:41]} Qb6 {[%emt 0:00:04]} 9. Qc1 {[%emt 0:06:25]} Nc6 {[%emt 0:00:42]} 10. Na3 {[%emt 0:04:29]} d5 {[%emt 0:02:10]} 11. Nc2 {[%emt 0:14:37]} Ne4 {[%emt 0:01:29]} 12. Ne3 {[%emt 0:02:29]} Be6 {[%emt 0:03:38]} 13. Nd1 {[%emt 0:17:02]} Rfe8 {[%emt 0:04:01]} 14. Qe3 {[%emt 0:03:34]} Bf5 {[%emt 0:06:21]} 15. h3 {[%emt 0:05:25]} Rad8 {[%emt 0:00:53]} 16. Bh2 {[%emt 0:04:16]} Bc8 {[%emt 0:03:16]} 17. Bd3 {[%emt 0:02:26]} Nd6 {[%emt 0:02:23]} 18. Qe2 {[%emt 0:02:23]} f6 {[%emt 0:00:13]} 19. Ne3 {[%emt 0:00:46]} Nf7 {[%emt 0:00:06]} 20. c4 {[%emt 0:03:52]} Nxd4 {[%emt 0:10:50]} 21. Nxd4 {[%emt 0:00:37]} dxc4 {[%emt 0:09:08]} 22. Bxc4 {[%emt 0:00:51]} Rxd4 {[%emt 0:00:11]} 23. Rac1 {[%emt 0:02:28]} e5 {[%emt 0:02:15]} 24. Nd5 {[%emt 0:08:24]} Qd8 {[%emt 0:05:27]} 25. Nc3 {[%emt 0:04:08]} a6 {[%emt 0:00:52]} 26. Ne4 {[%emt 0:02:41]} b6 {[%emt 0:03:46]} 27. Qf3 {[%emt 0:01:42]} f5 {[%emt 0:02:46]} 28. Qb3 {[%emt 0:02:45]} Qe7 {[%emt 0:10:55]} 29. Ng5 {[%emt 0:01:34]} Rxc4 {[%emt 0:00:11]} 30. Rxc4 {[%emt 0:00:18]} Qxg5 {[%emt 0:00:15]} 31. f4 {[%emt 0:01:08]} Qe7 {[%emt 0:00:18]} 32. Qxb6 {[%emt 0:00:25]} e4 {[%emt 0:01:41]} 33. Rfc1 {[%emt 0:00:15]} Qb7 {[%emt 0:01:46]} 34. Qxb7 {[%emt 0:00:25]} Bxb7 {[%emt 0:00:04]} 35. Bg3 {[%emt 0:01:00]} Bxb2 {[%emt 0:03:07]} 36. Rd1 {[%emt 0:00:01]} Bf6 {[%emt 0:02:59]} 37. Rc7 {[%emt 0:00:22]} Bc8 {[%emt 0:00:16]} 38. Be1 {[%emt 0:01:35]} Bd8 {[%emt 0:02:35]} 39. Rcc1 {[%emt 0:00:00]} Be6 {[%emt 0:00:00]} 40. a3 {[%emt 0:01:58]} Bb6+ {[%emt 0:13:12]} 41. Kh1 {[%emt 0:15:30]} Be3 {[%emt 0:15:30]} 42. Bd2 {[%emt 0:00:30]} Bf2 {[%emt 0:00:30]} 43. Rf1 {[%emt 0:00:30]} Bd4 {[%emt 0:00:30]} 44. Bb4 {[%emt 0:00:30]} Bb3 {[%emt 0:00:30]} 45. Rfe1 {[%emt 0:00:30]} Ba4 {[%emt 0:00:30]} 46. Bc3 {[%emt 0:00:30]} Bf2 {[%emt 0:00:30]} 47. Re2 {[%emt 0:00:30]} e3 {[%emt 0:00:30]} 48. Bd4 {[%emt 0:00:30]} Bb5 {[%emt 0:00:30]} 49. Rec2 {[%emt 0:00:30]} Bg3 {[%emt 0:00:30]} 50. Rc8 {[%emt 0:00:30]} e2 {[%emt 0:00:30]} 51. Rxe8+ {[%emt 0:00:30]} Bxe8 {[%emt 0:00:30]} 52. Bc3 {[%emt 0:00:30]} Bxf4 {[%emt 0:00:30]} 0-1

[Event "6th Cattolica Open 2019"]
[Site "Cattolica"]
[Date "2019.06.13"]
[Round "8.1"]
[White "Barseghyan, Harutyun"]
[Black "Martinez Alcantara, Jose Eduardo"]
[Result "1/2-1/2"]
[WhiteElo "2495"]
[BlackElo "2583"]
[Annotator "ChessBase"]
[PlyCount "42"]
[EventDate "2019.06.08"]
[EventType "swiss"]
[EventCountry "ITA"]
[SourceTitle "playchess.com"]
[Source "ChessBase"]
[SourceQuality "1"]
[TimeControl "40/5400+30:900+30"]

1. d4 {[%emt 0:00:00]} Nf6 {[%emt 0:00:00]} 2. c4 {[%emt 0:00:00]} e6 {[%emt 0:00:00]} 3. Nc3 {[%emt 0:00:01]} Bb4 {[%emt 0:00:00]} 4. Qc2 {[%emt 0:00:04]} d6 {[%emt 0:00:42]} 5. Nf3 {[%emt 0:00:46]} O-O {[%emt 0:01:52]} 6. g3 {[%emt 0:00:42]} b6 {[%emt 0:01:44]} 7. Bg2 {[%emt 0:00:43]} Bb7 {[%emt 0:00:07]} 8. O-O {[%emt 0:00:06]} Bxc3 {[%emt 0:05:31]} 9. Qxc3 {[%emt 0:00:11]} Nbd7 {[%emt 0:00:06]} 10. b3 {[%emt 0:00:21]} Be4 {[%emt 0:01:18]} 11. Bg5 {[%emt 0:00:41]} h6 {[%emt 0:00:44]} 12. Bxf6 {[%emt 0:00:08]} Nxf6 {[%emt 0:00:04]} 13. Rfd1 {[%emt 0:00:19]} a5 {[%emt 0:03:07]} 14. a4 {[%emt 0:00:31]} Qe7 {[%emt 0:04:52]} 15. Rac1 {[%emt 0:00:23]} Rfd8 {[%emt 0:00:40]} 16. Ne1 {[%emt 0:00:21]} Bxg2 {[%emt 0:00:55]} 17. Nxg2 {[%emt 0:00:03]} c5 {[%emt 0:02:35]} 18. Ne3 {[%emt 0:01:27]} cxd4 {[%emt 0:01:31]} 19. Qxd4 {[%emt 0:00:12]} Qc7 {[%emt 0:00:14]} 20. Ng4 {[%emt 0:01:22]} Nxg4 {[%emt 0:00:29]} 21. Qxg4 {[%emt 0:00:03]} Rac8 {[%emt 0:00:33]} 1/2-1/2

[Event "6th Cattolica Open 2019"]
[Site "Cattolica"]
[Date "2019.06.13"]
[Round "8.2"]
[White "Mareco, Sandro"]
[Black "Dreev, Aleksey"]
[Result "1/2-1/2"]
[WhiteElo "2643"]
[BlackElo "2657"]
[Annotator "RC"]
[PlyCount "67"]
[EventDate "2019.06.08"]
[EventType "swiss"]
[EventCountry "ITA"]
[SourceTitle "playchess.com"]
[Source "ChessBase"]
[SourceQuality "1"]
[TimeControl "40/5400+30:900+30"]

1. e4 {[%emt 0:00:00]} c5 {[%emt 0:00:00]} 2. Nf3 {[%emt 0:00:00]} e6 {[%emt 0:00:00]} 3. g3 {[%emt 0:01:23]} d5 {[%emt 0:00:16]} 4. exd5 {[%emt 0:00:41]} exd5 {[%emt 0:00:07]} 5. Bg2 {[%emt 0:00:08]} Qe7+ {[%emt 0:00:53]} 6. Kf1 {[%emt 0:03:32]} Nc6 {[%emt 0:03:11]} 7. d4 {[%emt 0:02:00]} Bg4 {[%emt 0:03:05]} 8. c3 {[%emt 0:01:38]} cxd4 {[%emt 0:02:14]} 9. h3 {[%emt 0:00:24]} Bxf3 {[%emt 0:15:52]} 10. Bxf3 {[%emt 0:00:08]} Qf6 {[%emt 0:00:06]} 11. cxd4 {[%emt 0:05:37]} Qxd4 {[%emt 0:12:45]} 12. Kg2 {[%emt 0:01:21]} Bc5 {[%emt 0:03:38]} 13. Qc2 {[%emt 0:11:03]} Bb6 {[%emt 0:06:15]} 14. Be3 {[%emt 0:18:14]} Qf6 {[%emt 0:03:43]} 15. Bxb6 {[%emt 0:00:31]} axb6 {[%emt 0:00:09]} 16. Bxd5 {[%emt 0:00:05]} Nge7 {[%emt 0:01:31]} 17. Be4 {[%emt 0:00:07]} h5 {[%emt 0:02:18]} 18. Nc3 {[%emt 0:00:53]} O-O {[%emt 0:01:38]} 19. Rad1 {[%emt 0:01:13]} h4 {[%emt 0:03:56]} 20. Qe2 {[%emt 0:06:11]} Ra5 {[%emt 0:14:15]} 21. Rd7 {[%emt 0:09:18]} Re5 {[%emt 0:02:03]} 22. Qf3 {[%emt 0:08:07]} Qe6 {[%emt 0:04:59]} 23. Rhd1 {[%emt 0:00:16]} hxg3 {[%emt 0:00:14]} 24. R1d6 {[%emt 0:03:53]} Qc4 {[%emt 0:00:58]} 25. fxg3 {[%emt 0:00:08]} Qc5 {[%emt 0:02:59]} 26. Qf2 {[%emt 0:02:47]} Rb8 {[%emt 0:07:24]} 27. Qd2 {[%emt 0:10:30]} Nf5 {[%emt 0:03:48]} 28. Bxf5 {[%emt 0:03:58]} Rxf5 {[%emt 0:00:02]} 29. Rd5 {[%emt 0:04:50]} Rxd5 {[%emt 0:00:05]} 30. Qxd5 {[%emt 0:00:03]} Ne5 {[%emt 0:00:49]} 31. Rd8+ {[%emt 0:01:52]} Rxd8 {[%emt 0:00:21]} 32. Qxd8+ {[%emt 0:00:03]} Kh7 {[%emt 0:00:09]} 33. Qd5 {[%emt 0:00:10]} Qc7 {[%emt 0:02:50]} 34. Qe4+ {[%emt 0:02:43]} 1/2-1/2

[Event "6th Cattolica Open 2019"]
[Site "Cattolica"]
[Date "2019.06.13"]
[Round "8.3"]
[White "Fedorchuk, Sergey A."]
[Black "Rychagov, Andrey"]
[Result "1/2-1/2"]
[WhiteElo "2631"]
[BlackElo "2520"]
[Annotator "TA"]
[PlyCount "84"]
[EventDate "2019.06.08"]
[EventType "swiss"]
[EventCountry "ITA"]
[SourceTitle "playchess.com"]
[Source "ChessBase"]
[SourceQuality "1"]

{[%evp 16,84,12,5,21,12,18,12,22,27,18,12,11,8,12,12,33,0,0,0,0,-14,0,0,0,7,5,0,0,0,0,0,0,0,0,0,0,0,0,0,-4,-25,0,0,0,0,0,0,139,0,0,0,0,0,0,-175,-27,-81,-85,-63,-73,-62,-68,-63,-79,-95,0,0,0,0,0]} 1. e4 e6 2. d4 d5 3. Nc3 dxe4 4. Nxe4 Nd7 5. Nf3 Ngf6 6. Bg5 h6 7. Nxf6+ Nxf6 8. Bxf6 Qxf6 9. Bb5+ c6 {C10: French with 3 Nc3: Unusual Black 3rd moves and 3...dxe4} 10. Bd3 Bd6 11. Qe2 Bd7 12. O-O O-O 13. Rad1 Rfd8 14. Ne5 Be8 {[#]} 15. f4 $146 ({Predecessor:} 15. c3 c5 16. Qe4 cxd4 17. cxd4 g6 18. Qxb7 Bxe5 19. dxe5 Qxe5 20. b3 {½-½ (20) Adams,M (2693)-Lupulescu,C (2649) England 2019}) 15... g6 16. c4 c5 17. d5 exd5 18. cxd5 Bd7 19. Rde1 Bf5 20. Bxf5 Qxf5 21. Ng4 Kg7 22. Qf3 Re8 23. Qc3+ f6 24. Ne3 Qd7 $1 25. f5 Be5 26. Qxc5 Rac8 27. Qb4 {Hoping for fxg6.} g5 28. Kh1 Bf4 29. Rxf4 gxf4 30. Qxf4 Qe7 {Strongly threatening ...Qxe3!} 31. h3 {Black must now prevent d6.} Kh7 (31... Qe4 $11 32. Qd6 (32. Qg3+ Kh8 $11) 32... Rcd8 33. Qc7+ Kg8) 32. Qg3 (32. d6 $1 $16 {[%cal Rd6e7]} Qg7 33. Rd1) 32... Qg7 $36 {[%mdl 2048] White is under pressure.} 33. Qf2 Qe7 34. Qh4 Qe5 35. Qh5 $2 {[#]} (35. a3 $11 {and White has nothing to worry.}) 35... Rg8 (35... Qg3 $1 $19 {[%cal Rg3e1]} 36. Qf7+ Kh8 37. Qxf6+ {[%mdl 64] Double Attack} Kg8 38. Qg6+ Qxg6 39. fxg6 Rcd8) 36. Qf7+ (36. Qd1 $1 $11) 36... Rg7 $17 37. Qe6 Re8 38. Qxe5 Rxe5 39. Kg1 $1 Rge7 {[%mdl 1024] Black has compensation.} 40. Kf2 {[#]} Kg7 ({Black should try} 40... Re8 $1 $17) 41. Rd1 $11 h5 42. Rd3 Rd7 {Accuracy: White = 55%, Black = 64%.} 1/2-1/2

[Event "6th Cattolica Open 2019"]
[Site "Cattolica"]
[Date "2019.06.13"]
[Round "8.4"]
[White "Basso, Pier Luigi"]
[Black "Ankit, R. Rajpara"]
[Result "1-0"]
[WhiteElo "2539"]
[BlackElo "2447"]
[Annotator "TA"]
[PlyCount "79"]
[EventDate "2019.06.08"]
[EventType "swiss"]
[EventCountry "ITA"]
[SourceTitle "playchess.com"]
[Source "ChessBase"]
[SourceQuality "1"]

{[%evp 11,79,12,45,37,35,49,31,23,37,41,35,35,36,39,41,41,44,46,35,34,37,35,44,42,64,72,79,85,75,69,63,65,67,67,64,70,72,21,156,87,188,188,199,170,169,54,92,42,290,264,279,277,241,186,184,191,161,137,138,154,150,104,125,111,199,186,354,337,343,351]} 1. d4 Nf6 2. c4 e6 3. Nf3 d5 4. Nc3 dxc4 5. e4 Bb4 6. Bg5 b5 7. a4 {D39: Queen's Gambit Declined: Ragozin Defence with 5 Bg5 dxc4} c5 8. axb5 cxd4 9. Nxd4 {White is slightly better.} h6 10. Bxf6 Qxf6 11. Bxc4 O-O 12. O-O Bb7 13. Qb3 {[%cal Rd4e6] [#] Threatens to win with Nxe6.} (13. Qa4 a5 14. bxa6 Nxa6 {½-½ (78) Vidit,S (2695)-Duda,J (2738) Wijk aan Zee 2019}) 13... Bc5 14. Nxe6 $146 ({Predecessor:} 14. Nf3 Nd7 {0-1 (39) Hebden,M (2445)-Murphy,C (2313) Hastings 2017}) 14... fxe6 15. Bxe6+ Kh8 16. Bd5 $1 {[%cal Rd5b7]} Qe7 17. Rad1 $1 Bb6 18. Na4 $1 Qc7 19. Bxb7 ({Reject} 19. Nxb6 axb6 20. Bxb7 Qxb7 $11) 19... Qxb7 {[#]} 20. Qe6 $1 Ba5 21. Rd5 Qf7 22. Qxf7 Rxf7 23. Rfd1 $1 Kg8 24. e5 (24. g3 $16) 24... Bc7 (24... Rf4 $1 $11 25. Nc5 a6) 25. h4 (25. g3 $142) 25... Re7 (25... Rf4 $16 {was called for.} 26. Nc5 Bb6) 26. f4 $18 {[%mdl 1024] White has strong compensation.} Kf7 27. Kf1 Ke8 28. Nc5 ({White should try} 28. Rc1 $18) 28... Bb6 29. Ne4 Bc7 $2 (29... Nd7 $14) 30. Rc1 Kf7 31. Rdc5 Bxe5 32. Rxe5 Rxe5 33. fxe5 {[%mdl 4096] Endgame KRN-KRN} Nd7 34. Rc6 {And now e6+ would win.} Nxe5 35. Ra6 {Black must now prevent b6.} Nc4 36. b3 Nb6 37. Nd6+ Ke6 (37... Ke7 $16 38. Nf5+ Kf6) 38. Nc4 Rb8 $2 (38... Rf8+ {keeps fighting.} 39. Ke2 Rf7 40. Nxb6 axb6 41. Rxb6+ Kd5) 39. Rxa7 Nd5 40. b6 {Accuracy: White = 77%, Black = 47%.} ({Weaker is} 40. Rxg7 Kf6 $18) 1-0